| 000 | 00911nam0a22002411 4500 | ||
|---|---|---|---|
| 001 | rc\2945137 | ||
| 005 | 20250529232922.0 | ||
| 035 | _a(NLR Aleph) 007093485 | ||
| 090 |
_a6598099 _c6598099 |
||
| 100 | _a20110826d1933 |||y0rusy50 ca | ||
| 101 | 0 | _arus | |
| 102 | _aRU | ||
| 105 | _aa z ||||| | ||
| 200 | 1 |
_aУход за шинами _e(Памятка шофера) _fК.В. Пахомов, шофер 1 Моск. таксомоторного парка |
|
| 210 |
_aМосква _aЛенинград _cГострансиздат _d1933 _eМосква _g5 тип. треста "Полиграфкнига" |
||
| 215 |
_aОбл., 80 с. _cил. _d18х12 см |
||
| 225 | 1 | _aКнига рабочего автора | |
| 700 | 1 |
_aПахомов _bК.В. _gКонстантин Васильевич |
|
| 801 | 0 |
_aRU _bNLR _gpsbo |
|
| 801 | 1 |
_aRU _bELAR _2rusmarc |
|
| 852 |
_aNLR _j33-9/3768 |
||
| 942 | _cBOOK | ||
| 980 | _aNB | ||